Loading...
Social Science | 2 | 0 | 0 | 0 | 30 | 69 | 69.50 | 1 | 2 |
Science - Physics | 0 | 3 | 0 | 1 | 30 | 81 | 93.67 | 0 | 3 |
Fine Arts - Other Fine Arts | 1 | 2 | 2 | 0 | 25 | 47 | 81.33 | 2 | 3 |
Science - Biology | 0 | 3 | 1 | 1 | 25 | 84 | 95.67 | 1 | 3 |
Philosophy | 0 | 2 | 0 | 1 | 20 | 118 | 131.50 | 1 | 2 |
Fine Arts - Visual Fine Arts | 0 | 2 | 1 | 1 | 15 | 123 | 125.00 | 0 | 2 |
History - European History | 0 | 2 | 1 | 1 | 15 | 89 | 105.00 | 1 | 2 |
Literature - American Literature | 0 | 2 | 1 | 0 | 15 | 112 | 118.50 | 0 | 2 |
Science - Other Science | 0 | 2 | 1 | 0 | 15 | 85 | 100.00 | 0 | 2 |
Fine Arts - Auditory Fine Arts | 0 | 1 | 0 | 0 | 10 | 115 | 115.00 | 0 | 1 |
History - American History | 0 | 1 | 0 | 0 | 10 | 115 | 115.00 | 1 | 1 |
Literature - British Literature | 0 | 1 | 0 | 0 | 10 | 128 | 128.00 | 0 | 1 |
Mythology | 0 | 1 | 0 | 0 | 10 | 115 | 115.00 | 0 | 1 |
Pop Culture | 0 | 1 | 0 | 0 | 10 | 115 | 115.00 | 0 | 1 |
Religion | 0 | 1 | 0 | 1 | 10 | 106 | 106.00 | 0 | 1 |
Literature - World Literature | 0 | 1 | 1 | 0 | 5 | 92 | 92.00 | 0 | 1 |
History - World History | 0 | 1 | 1 | 1 | 5 | 90 | 90.00 | 0 | 1 |
History - Other History | 0 | 1 | 1 | 0 | 5 | 103 | 103.00 | 0 | 1 |
Science - Chemistry | 0 | 0 | 1 | 0 | -5 | 0.00 | 0 | 0 | |
Literature - European Literature | 0 | 0 | 1 | 0 | -5 | 0.00 | 0 | 0 |